<?xml version="1.0" encoding="UTF-8"?>
<record
    xmlns:xsi="http://www.w3.org/2001/XMLSchema-instance"
    xsi:schemaLocation="http://www.loc.gov/MARC21/slim http://www.loc.gov/standards/marcxml/schema/MARC21slim.xsd"
    xmlns="http://www.loc.gov/MARC21/slim">

  <leader>01277nam a22002657a 4500</leader>
  <controlfield tag="003">NALT</controlfield>
  <controlfield tag="005">20220712155812.0</controlfield>
  <controlfield tag="008">170501b        th ||||| |||| 00| f tha d</controlfield>
  <datafield tag="020" ind1=" " ind2=" ">
    <subfield code="a">9786161815806</subfield>
  </datafield>
  <datafield tag="040" ind1=" " ind2=" ">
    <subfield code="a">NALT</subfield>
  </datafield>
  <datafield tag="090" ind1=" " ind2=" ">
    <subfield code="a">FIC</subfield>
    <subfield code="b">&#xE07;337&#xE04; 2559</subfield>
  </datafield>
  <datafield tag="100" ind1="0" ind2=" ">
    <subfield code="a">&#xE07;&#xE32;&#xE21;&#xE1E;&#xE23;&#xE23;&#xE13; &#xE40;&#xE27;&#xE0A;&#xE0A;&#xE32;&#xE0A;&#xE35;&#xE27;&#xE30;</subfield>
    <subfield code="9">6150</subfield>
  </datafield>
  <datafield tag="245" ind1="1" ind2="0">
    <subfield code="a">&#xE04;&#xE27;&#xE32;&#xE21;&#xE2A;&#xE38;&#xE02;&#xE02;&#xE2D;&#xE07;&#xE01;&#xE30;&#xE17;&#xE34; : </subfield>
    <subfield code="b">&#xE15;&#xE2D;&#xE19; &#xE40;&#xE18;&#xE2D;&#xE04;&#xE37;&#xE2D;&#xE02;&#xE2D;&#xE07;&#xE02;&#xE27;&#xE31;&#xE0D; /</subfield>
    <subfield code="c">&#xE07;&#xE32;&#xE21;&#xE1E;&#xE23;&#xE23;&#xE13; &#xE40;&#xE27;&#xE0A;&#xE0A;&#xE32;&#xE0A;&#xE35;&#xE27;&#xE30; &#xE40;&#xE02;&#xE35;&#xE22;&#xE19; ; &#xE27;&#xE25;&#xE31;&#xE22;&#xE01;&#xE23; &#xE2A;&#xE21;&#xE23;&#xE23;&#xE16;&#xE01;&#xE32;&#xE23; &#xE20;&#xE32;&#xE1E;&#xE1B;&#xE23;&#xE30;&#xE01;&#xE2D;&#xE1A; ; &#xE41;&#xE1E;&#xE23;&#xE27;&#xE1C;&#xE22;&#xE2D;&#xE07; &#xE40;&#xE23;&#xE35;&#xE22;&#xE1A;&#xE40;&#xE23;&#xE35;&#xE22;&#xE07;.</subfield>
  </datafield>
  <datafield tag="246" ind1="1" ind2="4">
    <subfield code="a">&#xE40;&#xE18;&#xE2D;&#xE04;&#xE37;&#xE2D;&#xE02;&#xE2D;&#xE07;&#xE02;&#xE27;&#xE31;&#xE0D;</subfield>
  </datafield>
  <datafield tag="246" ind1="1" ind2="4">
    <subfield code="a">&#xE08;&#xE31;&#xE01;&#xE23;&#xE27;&#xE32;&#xE25;&#xE02;&#xE2D;&#xE07;&#xE01;&#xE30;&#xE17;&#xE34;</subfield>
  </datafield>
  <datafield tag="260" ind1=" " ind2=" ">
    <subfield code="a">&#xE01;&#xE23;&#xE38;&#xE07;&#xE40;&#xE17;&#xE1E;&#xE2F; :</subfield>
    <subfield code="b">&#xE41;&#xE1E;&#xE23;&#xE27;&#xE2A;&#xE33;&#xE19;&#xE31;&#xE01;&#xE1E;&#xE34;&#xE21;&#xE1E;&#xE4C;,</subfield>
    <subfield code="c">2559.</subfield>
  </datafield>
  <datafield tag="300" ind1=" " ind2=" ">
    <subfield code="a">209 &#xE2B;&#xE19;&#xE49;&#xE32; :</subfield>
    <subfield code="b">&#xE20;&#xE32;&#xE1E;&#xE1B;&#xE23;&#xE30;&#xE01;&#xE2D;&#xE1A; ;</subfield>
    <subfield code="c">18 &#xE0B;&#xE21;.</subfield>
  </datafield>
  <datafield tag="500" ind1=" " ind2=" ">
    <subfield code="a">&#xE08;&#xE31;&#xE01;&#xE23;&#xE27;&#xE32;&#xE25;&#xE04;&#xE27;&#xE32;&#xE21;&#xE2A;&#xE38;&#xE02;&#xE02;&#xE2D;&#xE07;&#xE01;&#xE30;&#xE17;&#xE34;</subfield>
  </datafield>
  <datafield tag="650" ind1=" " ind2="4">
    <subfield code="a">&#xE19;&#xE27;&#xE19;&#xE34;&#xE22;&#xE32;&#xE22;</subfield>
    <subfield code="9">3785</subfield>
  </datafield>
  <datafield tag="700" ind1="0" ind2=" ">
    <subfield code="a">&#xE41;&#xE1E;&#xE23;&#xE27;&#xE1C;&#xE22;&#xE2D;&#xE07;</subfield>
    <subfield code="9">6152</subfield>
  </datafield>
  <datafield tag="700" ind1="0" ind2=" ">
    <subfield code="a">&#xE27;&#xE25;&#xE31;&#xE22;&#xE01;&#xE23; &#xE2A;&#xE21;&#xE23;&#xE23;&#xE16;&#xE01;&#xE23;</subfield>
    <subfield code="9">6151</subfield>
  </datafield>
  <datafield tag="850" ind1=" " ind2=" ">
    <subfield code="a">NALT</subfield>
  </datafield>
  <datafield tag="942" ind1=" " ind2=" ">
    <subfield code="2">local</subfield>
    <subfield code="c">FIC</subfield>
  </datafield>
  <datafield tag="998" ind1=" " ind2=" ">
    <subfield code="b">phon</subfield>
    <subfield code="c">phon</subfield>
    <subfield code="j">8</subfield>
    <subfield code="k"> &#xE1A;&#xE31;&#xE13;&#xE11;&#xE34;&#xE15; &#xE2D;&#xE38;&#xE17;&#xE32;&#xE27;&#xE07;&#xE04;&#xE4C;</subfield>
  </datafield>
  <datafield tag="999" ind1=" " ind2=" ">
    <subfield code="c">92067</subfield>
    <subfield code="d">92067</subfield>
  </datafield>
  <datafield tag="952" ind1=" " ind2=" ">
    <subfield code="0">0</subfield>
    <subfield code="1">0</subfield>
    <subfield code="2">local</subfield>
    <subfield code="4">0</subfield>
    <subfield code="7">0</subfield>
    <subfield code="8">CFICSHT</subfield>
    <subfield code="a">NALT</subfield>
    <subfield code="b">NALT</subfield>
    <subfield code="d">2017-05-01</subfield>
    <subfield code="l">6</subfield>
    <subfield code="m">2</subfield>
    <subfield code="o">FIC &#xE07;337&#xE04; 2559</subfield>
    <subfield code="p">3961206033</subfield>
    <subfield code="r">2022-07-25 00:00:00</subfield>
    <subfield code="s">2022-07-12</subfield>
    <subfield code="w">2017-05-01</subfield>
    <subfield code="y">FIC</subfield>
  </datafield>
</record>
